Answers Contain Answers #1 - Statistics

General Stats
  • This quiz has been taken 1,045 times
  • The average score is 13 of 16
Answer Stats
Hint Answer % Correct
Antonym of out In
99%
Asian country which gained independence in 1947 India
93%
U.S. State or fictional archeologist Indiana
92%
Most populous country in Africa Nigeria
92%
Elemental symbol of Nickel Ni
91%
State capital and largest city of above Indianapolis
89%
Metric measurement of length Meter
87%
Country with the lowest HDI Niger
87%
Objective first person pronoun Me
86%
Abbreviation of a famous NYC museum (the) Met
82%
Demonym of above Nigerian
79%
Caribbean island nation Dominica
66%
Another Caribbean island nation Dominican Republic
66%
Small Mini
63%
Burial site Cemetery
61%
Lord of the Rings actor Monaghan Dominic
61%
No matching quizzes found
Score Distribution
Percent of People with Each Score
Percentile by Number Answered
Your Score History
You have not taken this quiz